=LDR 00000nam 2200000 4500 =001 INLIS000000000042962 =005 20131008101219 =008 ***********************************Ind** =035 ##$$0010-101300000000884 =041 ##$$a Ind =082 ##$$a 713 =090 ##$$a 713 , Suh b =100 ##$$a Suharto, M =245 ##$$a Belajar notasi balok , M. Soeharto =260 ##$$a 1978 $b Jakarta =300 ##$$a 128 hlm , ilus , 18 cm =650 ##$$a Notasi balok =850 ##$$a NBPNMAT